Concerto di Natale-Canti popolari italiani e internazionali (Record no. 99013)

MARC details
000 -LEADER
fixed length control field 01655njm a2200313Ia 4500
001 - CONTROL NUMBER
control field 40296
003 - CONTROL NUMBER IDENTIFIER
control field IT-RoPAU
005 - DATE AND TIME OF LATEST TRANSACTION
control field 20220918181111.0
008 - FIXED-LENGTH DATA ELEMENTS--GENERAL INFORMATION
fixed length control field 131025s9999 xx 000 0 und d
040 ## - CATALOGING SOURCE
Original cataloging agency IT-RoPAU
040 ## - CATALOGING SOURCE
Transcribing agency IT-RoPAU
041 ## - LANGUAGE CODE
Language code of text/sound track or separate title ITALIANO
999 ## - SYSTEM CONTROL NUMBERS (KOHA)
Koha Dewey Subclass [OBSOLETE] n.d.
100 ## - MAIN ENTRY--PERSONAL NAME
Personal name AA.VV.
9 (RLIN) 794
100 ## - MAIN ENTRY--PERSONAL NAME
Relator term Autore musica
9 (RLIN) 21090
100 ## - MAIN ENTRY--PERSONAL NAME
Miscellaneous information Codice autore musica SPICS: 12000
9 (RLIN) 796
245 ## - TITLE STATEMENT
Title Concerto di Natale-Canti popolari italiani e internazionali
250 ## - EDITION STATEMENT
Edition statement 1a ed.
260 ## - PUBLICATION, DISTRIBUTION, ETC. (IMPRINT)
Place of publication, distribution, etc. ROMA
260 ## - PUBLICATION, DISTRIBUTION, ETC. (IMPRINT)
Name of publisher, distributor, etc. EP - MUSICALI E DISCOGRAFICHE
Date of publication, distribution, etc. 1986 [1a Ed.:1986]
300 ## - PHYSICAL DESCRIPTION
Extent DISCO
300 ## - PHYSICAL DESCRIPTION
Dimensions 39 minuti (Testo: pag.)
500 ## - GENERAL NOTE
General note Canti di Natale
505 ## - FORMATTED CONTENTS NOTE
Formatted contents note Nenia di Gesù bambino (Piemonte) - Celeste tesoro (Sardegna) - Quanno nascette ninno (Campania) - Gloria in cielo (lauda. Cortona sec XIII) - A la notti di Natali (Sicilia) - Ninna nanna, ninna nonna (Puglie) - Lauda intorno al fanciullin Gesù (Anonimo sec XIV) - Ninna nanne a Natale (Abruzzo) - Oggi è nato in una stalla (Trentino) - Medley: E' nato un bimbo (Danimarca) - L'abetino (Russia) - L'abete di Natale (Germania) - Voliamo pastorelli (Messico) - Il primo Natale (Inghilterra) - Jingle Bells (Usa) - Dormi bambin Gesù (Polonia) - E' Natale di gioia (Africa) - Scende dal ciel (Austria) - Piccola ninna nanna (Spagna) - O piccola Betlemme (Usa) - Oggi è nato (Francia) - Bianco Natale (Usa)
650 ## - SUBJECT ADDED ENTRY--TOPICAL TERM
Topical term or geographic name as entry element CANTI DI NATALE [DISCHI]
Relator term Codice MATERIA SPICS: 9950
9 (RLIN) 21091
700 ## - ADDED ENTRY--PERSONAL NAME
Personal name Dell'Orso Giacomo
Relator term Autore
Miscellaneous information Codice autore SPICS: 1295
9 (RLIN) 21092
700 ## - ADDED ENTRY--PERSONAL NAME
Personal name Dell'Orso Giacomo
Miscellaneous information Codice interprete SPICS: 1295
Relator term Interprete
9 (RLIN) 21093
942 ## - ADDED ENTRY ELEMENTS (KOHA)
Koha item type DISCHI
Source of classification or shelving scheme Dewey Decimal Classification
Holdings
Withdrawn status Lost status Damaged status Not for loan Home library Current library Date acquired Total Checkouts Full call number Date last seen Price effective from Koha item type Public note
    Buone Condizioni Not For Loan SPICS-MEDIATECA SPICS-MEDIATECA 25/10/2013   40296 25/10/2013 25/10/2013 DISCHI Progr. Ins.: 14097 / N.Vol.: 1 / Copie: 1 - Copia rara: n.d. / date import: 01.01.2014 - By Epidotti, Trombetti, Vaglietti
CREDITS: SOCIETA' SAN PAOLO Via A.Severo, 58 - ROMA (RM) & PERIODICI SAN PAOLO SRL Via Giotto, 36 MILANO & CISF Via Giotto, 36 MILANO & EDIZIONI SAN PAOLO SRL,  Piazza Soncino, 5 CINISELLO BALSAMO (MI) -- ITALY